UBT Library

MEDICATIONS AND MOTHERS'MILK (Record no. 59484)

000 -LEADER
fixed length control field 00345nam a22001457a 4500
008 - FIXED-LENGTH DATA ELEMENTS--GENERAL INFORMATION
fixed length control field 230403b ||||| |||| 00| 0 eng d
020 ## - INTERNATIONAL STANDARD BOOK NUMBER
International Standard Book Number 9780977226832
041 ## - LANGUAGE CODE
Language code of text/sound track or separate title eng
080 ## - UNIVERSAL DECIMAL CLASSIFICATION NUMBER
Edition identifier TWELFTH EDITION
Universal Decimal Classification number 616.53
082 ## - DEWEY DECIMAL CLASSIFICATION NUMBER
Classification number 616.53
100 ## - Rafti
Rafti 14
101 ## - Shkurtesa
Shkurtesa PEDIATRI
245 ## - TITLE STATEMENT
Title MEDICATIONS AND MOTHERS'MILK
Statement of responsibility, etc HALE.W.TH
942 ## - ADDED ENTRY ELEMENTS (KOHA)
Source of classification or shelving scheme
Item type Books
Holdings
Withdrawn status Lost status Source of classification or shelving scheme Damaged status Not for loan Collection code Permanent location Current location Date acquired Total Checkouts Full call number Barcode Date last seen Price effective from Koha item type
          Koleksioni i përgjithshem UBT - Lipjan UBT - Lipjan 04/03/2023   616.53HAL 002-80004030 04/03/2023 04/03/2023 Books
UBT Library © 2015-2024. All rights reserved University Education for Business and Technology